| 000 | 00326nam a2200097Ia 4500 | ||
|---|---|---|---|
| 082 | _a648.8 INIO | ||
| 245 | 0 | _aThe storage book : over 250 ideas for stylish home storage | |
| 100 |
_a INION, Cynthia Guilford, CT, 2003 1st Lyons Press pbk. ed _999558 |
||
| 942 | _cBK | ||
| 008 | 210817s9999 xx 000 0 und d | ||
| 999 |
_c422873 _d422872 |
||